000 00755cam a2200205 i 4500
005 20251214085758.0
008 250721s1992 le gr 000 0 ara d
082 1 4 _a216.5
_bح ص ر
100 1 _aالحصري، أحمد
_eمؤلف.
245 1 2 _aالولاية الوصاية الطلاق :
_bفي الفقه الإسلامي للأحوال الشخصية /
_cالدكتور احمد الحصري.
250 _aالطبعه الثانيه.
264 3 1 _aبيروت :
_bدار الجيل،
_c1992.
300 _a742صفحة.
650 1 7 _aالفقه الأسلامي.
650 1 7 _aقانون الأحوال الشخصية.
650 1 7 _aالوصاية.
650 1 7 _aالطلاق.
942 _2ddc
_cBK
999 _c104144
_d104144